| 000 | 00996cam a2200253 i 4500 | ||
|---|---|---|---|
| 003 | OSt | ||
| 005 | 20210306185311.0 | ||
| 008 | 050713t1998 ck abco rd 001 0 spa d | ||
| 020 | _a9583002607 | ||
| 040 |
_aCO-JMCR _cCO-JMCR |
||
| 041 | 0 | _aspa | |
| 082 | 0 | 4 |
_aR 103 / _bM386d _221 |
| 100 | 1 |
_aMartínez Echeverri, Leonor, _eautora _914498 |
|
| 245 | 1 | 0 |
_aDiccionario de filosofía ilustrado : _bautores contemporáneos, lógica, filosofía del lenguaje / _cLeonor Martínez Echeverri y Hugo Martínez Echeverri ; edición Juan Carlos González Espitia |
| 250 | _aCuarta edición | ||
| 260 |
_aBogotá : _bPanamericana, _c©1998 |
||
| 300 |
_a606 páginas, [4] páginas de mapas : _bilustraciones, mapas, fotos y retratos ; _c21 cm |
||
| 490 | 0 | _aFilosofía y política | |
| 500 | _aIncluye índice. | ||
| 650 | 1 | 4 |
_aFilosofía _vDiccionarios _914499 |
| 700 | 1 |
_aMartínez Echeverri, Hugo, _eautor _914500 |
|
| 700 | 1 |
_aGonzález Espitia, Juan Carlos, _eeditor _914501 |
|
| 942 |
_2ddc _cREF |
||
| 999 |
_c7480 _d7480 |
||